|
|
|
|
| LEADER |
00000cam a2200000 a 4500 |
| 001 |
vtls001481191 |
| 003 |
SK-MaSNL |
| 005 |
20260302073634.0 |
| 008 |
240226s2003 xo o gr 000 0 slo |
| 015 |
|
|
|a SNBA2005/03-00902
|
| 020 |
|
|
|a 8088979102
|q (viazané)
|
| 035 |
|
|
|a SNK000436489
|
| 035 |
|
|
|a urn:nbn:sk:snk-am3j34h
|
| 035 |
|
|
|a 4435D4E2-DC66-4058-A475-1FBCCF87B477
|
| 035 |
|
|
|a urn:nbn:sk:snk-am00gi2d
|
| 040 |
|
|
|a SNK
|b slo
|c SNK
|e AACR2
|
| 041 |
1 |
|
|a slo
|h hun
|
| 044 |
|
|
|a xo
|c SK
|
| 072 |
|
7 |
|a 364
|x Sociálne problémy vyžadujúce podporu a pomoc. Sociálne zabezpečenie
|2 konspekt
|
| 080 |
|
|
|a 364.6
|2 2011
|
| 080 |
|
|
|a 316.728
|2 2011
|
| 080 |
|
|
|a (0:82-4)
|2 2011
|
| 080 |
|
|
|a (0:82-32)
|2 2011
|
| 080 |
|
|
|a 070.42
|2 2011
|
| 080 |
|
|
|a 323
|2 2011
|
| 080 |
|
|
|a (100)
|2 2011
|
| 100 |
1 |
|
|a Vujity, Tvrtko,
|d 1972-
|4 aut
|9 311424
|
| 245 |
1 |
0 |
|a Videl som peklo
|c Tvrtko Vujity ; [z maďarského originálu preložila Mária Fazekasová]
|
| 250 |
|
|
|a [1. vyd.]
|
| 260 |
|
|
|a Veľký Meder
|b Talentum
|b Panta Rhei
|c 2003
|
| 300 |
|
|
|a 280 strán
|b fotografie
|c 21 cm
|
| 650 |
0 |
7 |
|a novinári
|2 SNKPH
|9 24785
|
| 650 |
0 |
7 |
|a sociálne problémy
|2 SNKPH
|9 4223
|
| 650 |
0 |
7 |
|a spoločnosť a politika
|2 SNKPH
|9 1526
|
| 650 |
0 |
7 |
|a každodenný život
|2 SNKPH
|9 4946
|
| 651 |
|
7 |
|a krajiny sveta
|2 SNKPH
|9 253334
|
| 655 |
|
7 |
|a reportáže
|2 SNKPH
|9 28856
|
| 655 |
|
7 |
|a príbehy
|2 SNKPH
|9 70507
|
| 700 |
1 |
|
|a Fazekasová, Mária
|4 trl
|9 738298
|
| 919 |
|
|
|a 80-88979-10-2
|
| 958 |
|
|
|a OP
|
| 958 |
|
|
|a OND
|
| 968 |
|
|
|b MAG
|
| 999 |
|
|
|c 1161753
|d 1163683
|
| 952 |
|
|
|t P60, <03>, [BOOK], {603}, -K-
|a SNK
|b SNK
|y PREZ
|7 0
|p 17A0442334
|o snkSC 117171
|i snkKSP 11583/2004
|0 0
|1 0
|4 0
|d 2004-09-03
|f 1
|l 0
|r 2025-10-16 00:00:00
|w 2026-02-24
|
| 952 |
|
|
|t P60, <04>, [BOOK], {604}
|a SNK
|b SNK
|y VYP
|7 0
|p 17A0442333
|o snkSC 117171 D1
|i snkKSP 11584/2004
|0 0
|1 0
|4 0
|d 2004-09-03
|l 0
|r 2005-01-02 00:00:00
|w 2026-02-24
|